Central and South American Civilizations Vocabulary Quiz Stats

 Plays Quiz not verified by Sporcle

Challenge
Share
Tweet
Embed
Score 0/14 Timer 05:00
0 Plays Today
Hint Answer % Correct
This group lived at elevations above 10,000 feet.Inca
94.4%
Machu Pichu and llamas are associated with what culture?Inca
92.6%
Civilization who constructed large stone heads.Olmec
81.5%
Quetzalcoatl appeared to which civilization?Aztec
81.5%
This group believed Quetzalcoatl would appear to them where they should settle as an eagle on a cactus.Aztec
79.6%
This civiliztaion can be associated with their calendar.Maya
74.1%
Aztecs lived in what modern country?Mexico
61.1%
Hint Answer % Correct
Aztecs were known for this religious practice:Human sacrifice
33.3%
Mayan hieroglyphic symbols.Glyphs
29.6%
Tenochtitlan was constructed on what land form?Island
29.6%
Famous Aztec emperor:Montezuma
25.9%
Maya beliefs on time were:Cyclical
22.2%
Floating gardens are often known as what?Chinampas
20.4%
Incas divided their people into these extended family groups:Allyus
18.5%

You're not logged in!

Compare scores with friends on all Sporcle quizzes.
Join for Free
OR
Log In

You Might Also Like...

Show Comments

Extras

Top Quizzes Today


Score Distribution

Your Account Isn't Verified!

In order to create a playlist on Sporcle, you need to verify the email address you used during registration. Go to your Sporcle Settings to finish the process.

Report this User

Report this user for behavior that violates our Community Guidelines.

Details: